Riconosci il Pokémon - Quiz n°206 - Statistics

Statistiche generali
  • Questo quiz è stato fatto 1 volte
  • Il punteggio medio è 7 su 10
Statistiche sulle risposte
Indizio Risposta % Corretto
Altezza 0,4 m
100%
Sesso 50% ♂, 50% ♀
100%
Peso 8,0 kg
100%
Abilità Aiutinsetto; Insettocchi; Telepatia
100%
Tipo Coleottero
100%
Stadio evoluzione Forma Base
100%
Generazione Ottava
100%
Tasso di cattura 255 (43.9%)
0%
Pokémon Blipbug
0%
Tasso di allevamento Medio-Veloce
0%
Nessun quiz corrispondente trovato
Distribuzione punteggi
Percentuale di utenti per punteggio
Percentile per numero di risposta
I tuoi punteggi nel tempo
Non hai fatto questo quiz